<?xml version="1.0" encoding="UTF-8"?>
<collection xmlns="http://www.loc.gov/MARC21/slim">
 <record>
  <leader>01578nam a22002537a 4500</leader>
  <controlfield tag="001">NCT_55399</controlfield>
  <controlfield tag="008">181115b        xxu||||| |||| 00| 0 vie d</controlfield>
  <datafield tag="999" ind1=" " ind2=" ">
   <subfield code="c">2668</subfield>
   <subfield code="d">2668</subfield>
  </datafield>
  <datafield tag="020" ind1=" " ind2=" ">
   <subfield code="a">9786045985977</subfield>
   <subfield code="c">98000</subfield>
  </datafield>
  <datafield tag="082" ind1="0" ind2="4">
   <subfield code="2">23rd ed.</subfield>
   <subfield code="a">371.1023</subfield>
   <subfield code="b">G885</subfield>
  </datafield>
  <datafield tag="100" ind1="1" ind2=" ">
   <subfield code="a">Gruwell, Erin</subfield>
  </datafield>
  <datafield tag="245" ind1="1" ind2="0">
   <subfield code="a">Người gieo hy vọng :</subfield>
   <subfield code="b">Một tác phẩm giáo dục vì con người</subfield>
   <subfield code="c">Erin Gruwell ; Hoàng Mai Hoa (dịch)</subfield>
  </datafield>
  <datafield tag="250" ind1=" " ind2=" ">
   <subfield code="a">Tái bản lần 3</subfield>
  </datafield>
  <datafield tag="260" ind1=" " ind2=" ">
   <subfield code="a">H.</subfield>
   <subfield code="b">Lao động</subfield>
   <subfield code="c">20017</subfield>
  </datafield>
  <datafield tag="300" ind1=" " ind2=" ">
   <subfield code="a">372 tr.</subfield>
   <subfield code="c">21cm</subfield>
  </datafield>
  <datafield tag="520" ind1="3" ind2=" ">
   <subfield code="a">Sách giới thiệu 95 bài viết về công việc thường ngày rất khó khăn vất vả nhưng cũng đầy cảm hứng của nhà giáo, cũng như những suy nghĩ sâu sắc và chân thành về nghề giáo....</subfield>
  </datafield>
  <datafield tag="653" ind1=" " ind2=" ">
   <subfield code="a">Sách tham khảo</subfield>
  </datafield>
  <datafield tag="700" ind1="1" ind2=" ">
   <subfield code="a">Hoàng Mai Hoa</subfield>
   <subfield code="e">Dịch</subfield>
  </datafield>
  <datafield tag="942" ind1=" " ind2=" ">
   <subfield code="2">ddc</subfield>
   <subfield code="c">BK</subfield>
  </datafield>
  <datafield tag="952" ind1=" " ind2=" ">
   <subfield code="0">0</subfield>
   <subfield code="1">0</subfield>
   <subfield code="2">ddc</subfield>
   <subfield code="4">0</subfield>
   <subfield code="6">371_102300000000000_G885</subfield>
   <subfield code="7">0</subfield>
   <subfield code="9">14878</subfield>
   <subfield code="a">000001</subfield>
   <subfield code="b">000001</subfield>
   <subfield code="d">2018-11-15</subfield>
   <subfield code="o">371.1023 G885</subfield>
   <subfield code="p">TK.00486</subfield>
   <subfield code="r">2018-11-15</subfield>
   <subfield code="v">98000.00</subfield>
   <subfield code="w">2018-11-15</subfield>
   <subfield code="y">BK</subfield>
  </datafield>
  <datafield tag="952" ind1=" " ind2=" ">
   <subfield code="0">0</subfield>
   <subfield code="1">0</subfield>
   <subfield code="2">ddc</subfield>
   <subfield code="4">0</subfield>
   <subfield code="6">371_102300000000000_G885</subfield>
   <subfield code="7">0</subfield>
   <subfield code="9">14879</subfield>
   <subfield code="a">000001</subfield>
   <subfield code="b">000001</subfield>
   <subfield code="d">2018-11-15</subfield>
   <subfield code="o">371.1023 G885</subfield>
   <subfield code="p">TK.00487</subfield>
   <subfield code="r">2018-11-15</subfield>
   <subfield code="v">98000.00</subfield>
   <subfield code="w">2018-11-15</subfield>
   <subfield code="y">BK</subfield>
  </datafield>
  <datafield tag="952" ind1=" " ind2=" ">
   <subfield code="0">0</subfield>
   <subfield code="1">0</subfield>
   <subfield code="2">ddc</subfield>
   <subfield code="4">0</subfield>
   <subfield code="6">371_102300000000000_G885</subfield>
   <subfield code="7">0</subfield>
   <subfield code="9">14880</subfield>
   <subfield code="a">000001</subfield>
   <subfield code="b">000001</subfield>
   <subfield code="d">2018-11-15</subfield>
   <subfield code="o">371.1023 G885</subfield>
   <subfield code="p">TK.01202</subfield>
   <subfield code="r">2018-11-15</subfield>
   <subfield code="v">98000.00</subfield>
   <subfield code="w">2018-11-15</subfield>
   <subfield code="y">BK</subfield>
  </datafield>
  <datafield tag="952" ind1=" " ind2=" ">
   <subfield code="0">0</subfield>
   <subfield code="1">0</subfield>
   <subfield code="2">ddc</subfield>
   <subfield code="4">0</subfield>
   <subfield code="6">371_102300000000000_G885</subfield>
   <subfield code="7">0</subfield>
   <subfield code="9">14881</subfield>
   <subfield code="a">000001</subfield>
   <subfield code="b">000001</subfield>
   <subfield code="d">2018-11-15</subfield>
   <subfield code="o">371.1023 G885</subfield>
   <subfield code="p">TK.01203</subfield>
   <subfield code="r">2018-11-15</subfield>
   <subfield code="v">98000.00</subfield>
   <subfield code="w">2018-11-15</subfield>
   <subfield code="y">BK</subfield>
  </datafield>
  <datafield tag="980" ind1=" " ind2=" ">
   <subfield code="a">Thư viện Trường Đại học Nam Cần Thơ</subfield>
  </datafield>
 </record>
</collection>
